1919 1254 1607 1543 1301 1202 1743 1462 1715 1570 1036 1866 1735 1175 1879 1123 1173 1291 1738 1499 1065 1689 1650 1780 1345 1357 1892 1234 1599 1245 1049 1275 1746 1003 1401 1524 1204 1275 1364 1218 1406 1091 1798 1924 1735 1875 1536 1006 1717 1767 1512 1586 1503 1570 1917 1576 1363 1620 1993 1558 1711 1511 1583 1530 1527 1418 1586 1755 1864 1957 1111 1103 1200 1636 1266 1920 1627 1225 1948 1509 1051 1513 1930 1727 1591 1575 1215 1177 1401 1608 1007 1645 1958 1843 1624 1379 1278 1313 1159 BCNSPRNW ULIB Ver.6.0+V

เปลี่ยนเป็นภาษาไทย

Change to English
 แสดงรายละเอียดบรรณานุกรม
  กลับหน้าหลัก

Brief Record : Get Marc (ISO 2709) : E-mail record : QR code < ปิดหน้าต่าง
LEADER : 00000nam 2200000uu 4500
001    13399123027
003     ULIB
008    020711s2539 th a 000 0 tha d
020    9748970825
099    นว.^bถ321ม
100    ถ่ายเถา สุจริตกุล
245    มงกุฎดอกส้ม /^cถ่ายเถา สุจริตกุล
250    พิมพ์ครั้งที่ 3
260    กรุงเทพฯ :^bวัลยา,^c2539
300    196 หน้า
945    ^p196^l0^i013052
รายการนี้ยังไม่มีแท็ก
คุณยังไม่ได้ล็อกอิน คุณสามารถมีกิจกรรมร่วมกับเว็บไซต์ได้ แต่ต้องล็อกอินก่อน ::
  ล็อกอิน

รายการสื่อสารสนเทศ

ลำดับที่ ประเภท เลขเรียก/บาร์โค้ด สถานที่ สถานะ
1. นวนิยาย
นวนิยาย
นว. ถ321ม ฉ.1 
  Barcode: 013052
ห้องสมุดวิทยาเขตสวรรค์ประชารักษ์
►นวนิยาย
บนชั้น
  ขอยืม

BibComment


ยังไม่เคยถูกคอมเมนท์

คอมเมนท์ทรัพยากรรายการนี้
  คอมเมนท์: มงกุฎดอกส้ม ถ่าย..


 Copyright 2026. Bcnsprnw @Library